000 01452nam0a2200325 i 4500
001 RU\NLR\BIBL_A\011146163
005 20260405111029.0
010 _a9785000579961
_92000
021 _aRU
_b2016-41910
_92687
035 _a(NLR Aleph) 011146163
090 _a11645977
_c11645977
100 _a20160603d2016 u y0rusy50 ca
101 0 _arus
102 _aRU
105 _ay|||z|||000
200 1 _aРеальный репортер
_eчему не учат на журфаке
_fДмитрий Соколов-Митрич
205 _a[Полностью обновл. изд. бестселлера "Реальный репортер"]
210 _aМосква
_cМанн, Иванов и Фербер
_d2016
215 _a301, [1] с.
_d21
225 1 _aСоветы для журналистов и репортажи про оптимистов
320 _aДр. кн. авт. на 4-й с. обл.
600 1 _aСоколов-Митрич
_bД.
_f1975
_gДмитрий
_92500715
_3RU\NLR\AUTH\661483206
606 _aЖурналистика
_91424082
_3RU\NLR\AUTH\66289940
686 1 _aЧ612
686 1 _aЧ612.3(2)7-8Соколов-Митрич
700 1 _8rus
_7ca
_aСоколов-Митрич
_bД. В.
_cжурналист
_f1975-
_gДмитрий Владимирович
_3RU\NLR\AUTH\7742091
_925038
942 _cBOOK
980 _aNBR